000
00323nam a22001457a 4500
008
231124b ||||| |||| 00| 0 eng d
020
_a
9780521277020
041
_a
eng
080
_a
101
082
_a
101NUS
100
_a
44
101
_a
FILOZ
245
_a
THE FRAGILITY OF GOODNESS
_c
NUSSBAUM.C.M
942
_2
udc
_c
BK
999
_c
60531
_d
60531